Kitakami Pokédex - Statistics

General Stats
  • This quiz has been taken 78 times
  • The average score is 145 of 200
Answer Stats
Answer % Correct
Applin
97%
Fezandipiti
97%
Munkidori
97%
Ogerpon
97%
Quagsire
97%
Wooper
97%
Appletun
94%
Flapple
94%
Dipplin
91%
Mightyena
91%
Okidogi
91%
Poochyena
91%
Yanma
91%
Yanmega
91%
Arbok
89%
Ekans
89%
Feebas
89%
Milotic
89%
Ninetales
89%
Poltchageist
89%
Sandshrew
89%
Sandslash
89%
Sinistcha
89%
Ursaluna
89%
Vulpix
89%
Ariados
86%
Basculin
86%
Munchlax
86%
Pikachu
86%
Snorlax
86%
Spinarak
86%
Basculegion
83%
Furret
83%
Geodude
83%
Golem
83%
Graveler
83%
Hoothoot
83%
Koffing
83%
Magcargo
83%
Noctowl
83%
Pichu
83%
Raichu
83%
Sentret
83%
Slugma
83%
Weezing
83%
Annihilape
80%
Corphish
80%
Crawdaunt
80%
Gyarados
80%
Heracross
80%
Illumise
80%
Leavanny
80%
Lombre
80%
Lotad
80%
Ludicolo
80%
Magikarp
80%
Mankey
80%
Nuzleaf
80%
Politoed
80%
Poliwag
80%
Poliwhirl
80%
Poliwrath
80%
Primeape
80%
Seedot
80%
Sewaddle
80%
Shiftry
80%
Swadloon
80%
Volbeat
80%
Arcanine
77%
Arrokuda
77%
Barboach
77%
Barraskewda
77%
Bisharp
77%
Chandelure
77%
Clefable
77%
Clefairy
77%
Cleffa
77%
Ducklett
77%
Growlithe
77%
Kingambit
77%
Lampent
77%
Litwick
77%
Pawniard
77%
Swanna
77%
Whiscash
77%
Bellsprout
74%
Bonsly
74%
Dusclops
74%
Dusknoir
74%
Duskull
74%
Gabite
74%
Garchomp
74%
Gastly
74%
Gengar
74%
Gible
74%
Gligar
74%
Gliscor
74%
Goodra
74%
Goomy
74%
Haunter
74%
Luxio
74%
Luxray
74%
Mamoswine
74%
Mimikyu
74%
Piloswine
74%
Shinx
74%
Sliggoo
74%
Sudowoodo
74%
Swinub
74%
Victreebel
74%
Weepinbell
74%
Bronzong
71%
Bronzor
71%
Froslass
71%
Gallade
71%
Gardevoir
71%
Glalie
71%
Grimmsnarl
71%
Hatenna
71%
Hatterene
71%
Hattrem
71%
Impidimp
71%
Kirlia
71%
Lucario
71%
Morgrem
71%
Mudbray
71%
Mudsdale
71%
Oricorio
71%
Ralts
71%
Riolu
71%
Snorunt
71%
Aipom
69%
Ambipom
69%
Charjabug
69%
Grubbin
69%
Hakamo-o
69%
Jangmo-o
69%
Kommo-o
69%
Mandibuzz
69%
Sneasel
69%
Vikavolt
69%
Vullaby
69%
Weavile
69%
Conkeldurr
66%
Cutiefly
66%
Gurdurr
66%
Houndoom
66%
Houndour
66%
Indeedee
66%
Nosepass
66%
Probopass
66%
Ribombee
66%
Stantler
66%
Staraptor
66%
Staravia
66%
Starly
66%
Timburr
66%
Dudunsparce
63%
Dunsparce
63%
Eelektrik
63%
Eelektross
63%
Lilligant
63%
Masquerain
63%
Morpeko
63%
Petilil
63%
Surskit
63%
Tynamo
63%
Cramorant
60%
Mienfoo
60%
Mienshao
60%
Bombirdier
57%
Lycanroc
57%
Maushold
57%
Phantump
57%
Rockruff
57%
Tandemaus
57%
Trevenant
57%
Fomantis
54%
Glimmet
54%
Glimmora
54%
Lurantis
54%
Noibat
54%
Noivern
54%
Salandit
54%
Salazzle
54%
Chimecho
51%
Chingling
51%
Carbink
49%
Chewtle
49%
Drednaw
49%
Greedent
49%
Skwovet
49%
Orthworm
46%
Pachirisu
46%
Toedscool
46%
Toedscruel
46%
Kricketot
40%
Kricketune
40%
Grumpig
37%
Spoink
37%
No matching quizzes found
Score Distribution
Percent of People with Each Score
Percentile by Number Answered
Your Score History
You have not taken this quiz